Pays de la CAN 2024 - Statistiques

Statistiques générales
  • Ce quiz a été pris 386 fois
  • Le résultat moyen est 19 sur 24
Statistiques - réponses
Poule Pays Postion % Correct
F Maroc 1
98%
D Algérie 4
97%
A Côte d’Ivoire 3
93%
C Sénégal 1
93%
E Tunisie 4
93%
B Egypte 2
92%
F Congo 2
91%
E Afrique du Sud 2
89%
C Cameroun 2
88%
A Nigeria 2
88%
C Guinée 3
87%
E Mali 1
87%
D Angola 1
78%
D Mauritanie 3
78%
B Cap-Vert 1
76%
A Guinée Équatoriale 1
73%
D Burkina Faso 2
69%
B Ghana 3
69%
A Guinée Bissau 4
68%
E Namibie 3
64%
F Tanzanie 4
64%
F Zambie 3
64%
B Mozambique 4
62%
C Gambie 4
57%
Aucun quiz correspondant
Distribution des résultats
% des personnes avec chaque résultat
Percentile par nombre de réponses
Votre historique - résultats
Vous n’avez pas pris ce quiz